000 005340000a22001810004500
003 MACL
005 20160409115211.0
008 160409b xxu||||| |||| 00| 0 eng d
040 _aMACL
_cMACL
041 _aHindi
082 _a510
100 _aभागवत आर. एम
_951229
245 _aदैनिक जीवन में गणित
260 _bनेशनल बुक ट्रस्‍ट
_c1998
_aनई दिल्‍ली
350 _a30
650 _aMathamatics
_951230
942 _cHIN
_k510
_2ddc
999 _c18601
_d18601